Normal view MARC view

Entry Personal Name

Number of records used in: 1

001 - CONTROL NUMBER

  • control field: 779528

003 - CONTROL NUMBER IDENTIFIER

  • control field: OSt

005 - DATE AND TIME OF LATEST TRANSACTION

  • control field: 20250508164932.0

008 - FIXED-LENGTH DATA ELEMENTS

  • fixed length control field: 250508|| aca||aabn | a|a d

040 ## - CATALOGING SOURCE

  • Original cataloging agency: OSt
  • Transcribing agency: OSt

100 ## - HEADING--PERSONAL NAME

  • Personal name: Siddhantakar Shiela

670 ## - SOURCE DATA FOUND

  • Source citation: Work cat.: (OSt)1392132: Siddhantakar Shiela, Parcham banen mahilaen : Shiela Siddhantakar ki chuni hui 152 kavitayen, 2009
Copyright @ Delhi University Library System